Dokumenty 9. plenární schůze Ústředního výboru ČSŽ, Praha, 26. května 1988

Bibliographic Details
Format: Book
Language:Czech
PhysicalDescription:34, [1] s. 8°
Published: Praha Mona 1988
Subjects:

MARC

LEADER 00000nam a2200000 a 4500
001 vtls001327190
003 SK-MaSNL
005 20260301005613.0
008 210928s1988 xr 0 cze
035 |a SNK000279985 
040 |a SNK  |b slo  |c SNK  |e AACR2 
041 0 |a cze 
044 |a CZ 
080 |a 061.215(437.1)-055.2(061.3)  |2 1981 
245 1 |a Dokumenty 9. plenární schůze Ústředního výboru ČSŽ, Praha, 26. května 1988 
260 |a Praha  |b Mona  |c 1988 
300 |a 34, [1] s.  |c 8° 
500 |a Vyd. ÚV ČSŽ 
610 0 7 |a Český zväz žien (ÚV)  |x schôdza plenárna  |b 9.  |d 1988  |x dokumenty  |2 SNK  |9 290160 
611 1 7 |a Český zväz žien (ÚV)  |x schôdza plenárna  |n 9.  |d 1988  |c Praha, Česká republika  |x dokumenty  |2 SNK  |9 290161 
958 |a RK 
958 |a OND 
999 |c 545665  |d 547595 
952 |t P60, <04>, [BOOK], {604}  |a SNK  |b SNK  |y VYP  |7 0  |o snkIC 110669  |i snkKIP 507/89  |0 0  |1 0  |4 0  |d 1998-04-07  |l 0  |r 2005-01-02 00:00:00  |w 2026-02-23 
952 |t P60, <04>, [BOOK], {604}  |a SNK  |b SNK  |y VYP  |7 0  |o snkIC 110669 D1  |i snkKIP 508/89  |0 0  |1 0  |4 0  |d 1998-04-07  |l 0  |r 2005-01-02 00:00:00  |w 2026-02-23